00414nam a2200181Ia 4500008004100000020001800041050001400059100001700073245002600090245001700116260001500133260001600148260000900164300001400173300002700187300001000214500000800224170918s9999 xx 000 0 und d a9780439110914 bT253 1996 aTeague, Mark 4aThe secret shortcut / cMark Teague. aNew York : bScholastic, c1996 aunpaged : bcolored illustration ; c23cm. a570